| 000 | 01436cam a2200373 i 4500 | ||
|---|---|---|---|
| 001 | 26550 | ||
| 003 | Mx-PuUPA | ||
| 005 | 20240410103742.0 | ||
| 008 | 140415s1998 mx gr 000 f spa d | ||
| 020 |
_a9683915159 _qrústica |
||
| 040 |
_aMx-PuUPA _bspa _cMx-PuUPA _dMx-PuUPA _erda |
||
| 041 | 1 |
_aspa _heng |
|
| 100 | 1 |
_aGaarder, Jostein, _d1952- _91627 |
|
| 240 | 1 | 0 |
_aSofies verden. _lEspañol |
| 245 | 1 | 3 |
_aEl mundo de Sofía : _bnovela sobre la historia de la filosofía / _cJostein Gaarder ; traducción, Kirsti Baggethun y Asunción Lorenzo |
| 250 | _aPrimera edición | ||
| 264 | 1 |
_aMéxico, D. F. : _bEditorial Patria, _c1998 |
|
| 300 |
_a638 páginas ; _c21 cm |
||
| 336 |
_2rdacontent _atexto _btxt |
||
| 337 |
_2rdamedia _asin medio _bn |
||
| 338 |
_2rdacarrier _avolumen _bnc |
||
| 545 | _aReimpresiones: (Décimo quinta, 2005) ; (Décima sexta, 2006). | ||
| 650 | 7 |
_aAutores noruegos _ySiglo XX _2armarc |
|
| 650 | 7 |
_aFilosofía _xHistoria _2armarc |
|
| 650 | 7 |
_aLiteratura noruega _ySiglo XX _2armarc |
|
| 650 | 7 |
_aNovela noruega _ySiglo XX _2armarc |
|
| 700 | 1 |
_aBaggethun, Kirsti, _etraductor |
|
| 700 | 1 |
_aLorenzo, Asunción, _etraductor |
|
| 765 | 0 | 8 |
_aGaarder, Jostein, 1952- _dOslo : H. Aschehoug & Co., ©1991 _tSofies verden. |
| 942 |
_2ddc _cLI _h839.827 _iG15 |
||
| 999 |
_c26550 _d26550 |
||